Top Chicken Exporting Countries - Statistics

General Stats
  • This quiz has been taken 20 times
  • The average score is 11 of 15
Answer Stats
Hint Answer % Correct
$272.8 million China
100%
$900.1 million United States
100%
$483 million Germany
95%
$90.3 million United Kingdom
95%
$261.7 million France
90%
$255.3 million Italy
90%
$2.8 billion Poland
90%
$188 million Spain
80%
$943 million Belgium
65%
$1.8 billion Netherlands
65%
$189.7 million Ukraine
65%
$213.8 million Hungary
55%
$239.4 million Austria
50%
$174.1 million Romania
50%
$88.6 million Slovakia
30%
No matching quizzes found
Score Distribution
Percent of People with Each Score
Percentile by Number Answered
Your Score History
You have not taken this quiz